000
00260nam a2200109Ia 4500
008
200302s9999 xx 000 0 und d
100
_a
Frances Treanor
245
_a
Vibrant Flower Painting
260
_b
David & Charles Book
260
_c
1995
300
_a
128 P.,
999
_c
1280
_d
1280